Su bhasitam (Record no. 3516)

MARC details
000 -LEADER
fixed length control field 00474cam a2200193ua 4500
001 - CONTROL NUMBER
control field 3689
005 - DATE AND TIME OF LATEST TRANSACTION
control field 20260515113721.0
008 - FIXED-LENGTH DATA ELEMENTS--GENERAL INFORMATION
fixed length control field 111129n ii |||gr||||Z||||||asm
040 ## - CATALOGING SOURCE
Transcribing agency MAIN
082 ## - DEWEY DECIMAL CLASSIFICATION NUMBER
Classification number 891.4518
100 ## - MAIN ENTRY--PERSONAL NAME
Personal name Goswami, Rohini Ballav Sastri,
245 11 - TITLE STATEMENT
Title Su bhasitam
Statement of responsibility, etc. by Rohini ballav Goswami Sastri
250 ## - EDITION STATEMENT
Edition statement 2nd.
260 ## - PUBLICATION, DISTRIBUTION, ETC.
Place of publication, distribution, etc. Guwahati:
Name of publisher, distributor, etc. Abhrushi Prakash,
Date of publication, distribution, etc. 2000.
300 ## - PHYSICAL DESCRIPTION
Extent 60p:0cm.
653 ## - INDEX TERM--UNCONTROLLED
Uncontrolled term Assamese
653 ## - INDEX TERM--UNCONTROLLED
Uncontrolled term Su bhasitam
942 ## - ADDED ENTRY ELEMENTS (KOHA)
Koha item type Books
Holdings
Withdrawn status Lost status Damaged status Not for loan Home library Current library Shelving location Date acquired Total checkouts Full call number Barcode Date last seen Copy number Price effective from Koha item type
        Naharkatiya College Library Naharkatiya College Library General stacks 09/19/2020   891.4518 | GOS 19322 09/19/2020 1 09/19/2020 Books
        Naharkatiya College Library Naharkatiya College Library General stacks 09/19/2020   891.4518 | GOS 19323 09/19/2020 2 09/19/2020 Books